000 00606nam a2200181Ia 4500
008 100921s9999 xx 000 0 und d
082 _b11725
_a891.463 थ 61
100 _aजोशी वा.म.
245 _aसुशिलेचा देव.
260 _bबलवंत पुस्तक भांडार,मुंबई.
_c1961
300 _a204
_b---
365 _b4
520 _aललित-कादंबरी.
630 _aसुशिलेचा देव.
650 _aललित-कादंबरी.
730 _aसुशिलेचा देव.
942 _cBOOK
999 _c760838
_d760835